000 00636nam a2200205Ia 4500
008 240729s9999 xx 000 0 und d
022 _a2694-4715
245 0 _aJournal of Geriatric Emergency Medicine
260 _aUnited States
260 _bAdvocate Aurora Health
650 _a Geriatrics | Medicine
650 _a Internal medicine
650 _a Internal medicine
650 _a Medical emergencies. Critical care. Intensive care. First aid
650 _a Special situations and conditions
650 _aMedicine
856 _uhttps://doaj.org/toc/6762939c09534cf6a5295ca134e810c4
942 _2ddc
942 _cDOAJEJ
999 _c68641
_d68641
945 _a1
_bMadushi Gamage
_c1
_dMadushi Gamage